000 01395nam0a2200337 4500
001 RU\NLR\BIBL_A\022548660
005 20260420044828.0
010 _a978-5-906791-47-4
_93000
021 _aRU
_bКН-П-25-019149
_9КН-П-25-1942
035 _a(NLR Aleph) 022548660
090 _a13673147
_c13673147
100 _a20250523d2024 u y0rusy50 ca
101 0 _arus
102 _aRU
105 _ay z 000zy
181 0 _ai4
_baxxe
182 0 _an
200 1 _aСвятой, серфингист и директор
_dThe saint, the surfer and the CEO
_eудивительная история о том, как можно жить по велению сердца
_fРобин Шарма
_zeng
_gперевод с английского Н. Лебедевой
203 _aТекст
_bвизуальный
_cнепосредственный
210 _aМосква
_cСофия
_d2024
215 _a252, [2] с.
_d20
320 _aДр. работы авт. в конце кн.
333 _a16+
510 1 _6z01790
_aThe saint, the surfer and the CEO
_zeng
686 1 _aШ6(7К)167-440.4{Лх1960-18}
700 1 _7ca
_8rus
_aШарма
_bР. С.
_f1965-
_gРобин С.
_910974
_3RU\NLR\AUTH\7727943
790 1 _7ba
_8eng
_aSharma
_bR. S.
_f1965-
_gRobin S.
_965455
_3RU\NLR\AUTH\7782527
942 _cBOOK
980 _aNB